Ładuje się......
Indian political system: a reader in continuity and change /
| 1. autor: | |
|---|---|
| Format: | Printed Book |
| Język: | English |
| Wydane: |
N V Pub.,
1976.
|
| LEADER | 00485nam a2200133Ia 4500 | ||
|---|---|---|---|
| 008 | 150624b xxu||||| |||| 00| 0 eng d | ||
| 082 | |a 320.50954 | ||
| 100 | |a John K. Pulparambil | ||
| 245 | |a Indian political system: |b a reader in continuity and change / |c John K. Pulparambil | ||
| 260 | |b N V Pub., |c 1976. | ||
| 300 | |a 462 p. | ||
| 942 | |c BK | ||
| 999 | |c 18039 |d 18039 | ||
| 952 | |0 0 |1 0 |4 0 |6 320_509540000000000_JOH_I |7 0 |9 18038 |a UL |b UL |c ST2 |d 1998-08-28 |l 0 |o 320.50954 JOH/I |p 27398 |r 2012-10-27 |w 2012-10-27 |y BK | ||